|
|
|
|
| LEADER |
02065nam a2200421 i 4500 |
| 001 |
c000042683 |
| 003 |
CARM |
| 005 |
00000000000000.0 |
| 008 |
771011m19761977bl b 00010 por |
| 019 |
1 |
|
|a 1050134
|5 LACONCORD2021
|
| 035 |
|
|
|a (OCoLC)2943964
|5 LACONCORD2021
|
| 043 |
|
|
|a s-bl---
|
| 050 |
0 |
0 |
|a PQ9514
|b .V46 1976
|
| 100 |
1 |
|
|a Verissimo, Jose,
|d 1857-1916.
|
| 245 |
1 |
0 |
|a Estudos de literatura brasileira /
|c Jose Verissimo.
|
| 250 |
|
|
|a 2. ed.
|
| 260 |
|
|
|a Belo Horizonte :
|b Editora Itatiaia,
|c 1976-1977.
|
| 300 |
|
|
|a 6 v. ;
|c 22 cm.
|
| 490 |
1 |
|
|a Obras de Jose Verissimo ; v. 1-6
|
| 490 |
1 |
|
|a Biblioteca de estudos brasileiros ; v. 11-16
|
| 500 |
|
|
|a "Em colaborac~ao com a Editora da Universidade de S~ao Paulo."
|
| 504 |
|
|
|a Includes bibliographical references.
|
| 650 |
|
0 |
|a Brazilian literature
|x History and criticism.
|
| 800 |
2 |
|
|a Verissimo de Mattos, Jose,
|d 1857-1916.
|t Works ;
|v v. 1-6.
|
| 852 |
8 |
|
|b CARM
|h A2:AE12F0
|i B00780
|p 0054288
|f BK
|
| 852 |
8 |
|
|b CARM
|h A2:AE12F0
|i B00780
|p 0054290
|f BK
|
| 852 |
8 |
|
|b CARM
|h A2:AE12F0
|i B00780
|p 0054292
|f BK
|
| 852 |
8 |
|
|b CARM
|h A2:AE12F0
|i B00780
|p 0054294
|f BK
|
| 852 |
8 |
|
|b CARM
|h A2:AE12F0
|i B00780
|p 0054296
|f BK
|
| 852 |
8 |
|
|b CARM
|h A2:AE12F0
|i B00780
|p 0054298
|f BK
|
| 082 |
0 |
4 |
|a 869
|
| 999 |
f |
f |
|i c11d9057-f1c2-5e67-aa8a-45176f8ee58c
|s 70aecb4d-b14f-5d17-8b37-bd850f8d7b8c
|
| 952 |
f |
f |
|p Can circulate
|a CAVAL
|b CAVAL
|c CAVAL
|d CARM 1 Store
|e B00780
|f A2:AE12F0
|h Other scheme
|i book
|j v.6 held
|m 0054298
|
| 952 |
f |
f |
|p Can circulate
|a CAVAL
|b CAVAL
|c CAVAL
|d CARM 1 Store
|e B00780
|f A2:AE12F0
|h Other scheme
|i book
|j v.2 held
|m 0054290
|
| 952 |
f |
f |
|p Can circulate
|a CAVAL
|b CAVAL
|c CAVAL
|d CARM 1 Store
|e B00780
|f A2:AE12F0
|h Other scheme
|i book
|j v.1 held
|m 0054288
|
| 952 |
f |
f |
|p Can circulate
|a CAVAL
|b CAVAL
|c CAVAL
|d CARM 1 Store
|e B00780
|f A2:AE12F0
|h Other scheme
|i book
|j v.4 held
|m 0054294
|
| 952 |
f |
f |
|p Can circulate
|a CAVAL
|b CAVAL
|c CAVAL
|d CARM 1 Store
|e B00780
|f A2:AE12F0
|h Other scheme
|i book
|j v.5 held
|m 0054296
|
| 952 |
f |
f |
|p Can circulate
|a CAVAL
|b CAVAL
|c CAVAL
|d CARM 1 Store
|e B00780
|f A2:AE12F0
|h Other scheme
|i book
|j v.3 held
|m 0054292
|